000
00305nam a22001457a 4500
008
210604b ||||| |||| 00| 0 eng d
020
_a
97804950605515
041
_a
eng
080
_a
541
082
_a
541
100
_a
12
101
_a
KIM
245
_a
Chemistry in Focus
_c
Tro,N
942
_2
udc
_c
BK
999
_c
57952
_d
57952